000
00314nam a22001217a 4500
008
250108b |||||||| |||| 00| 0 eng d
020
_a
978-93-511-506-9
050
_a
P90
_b
.A76
100
_a
Arora Antra
245
_a
Communication Media and Internet
260
_a
New Delhi
_b
Random Publications
_c
2017
942
_c
BK
999
_c
1893
_d
1893